[Event "CRO Cup"]
[Site "Mali Losinj"]
[Date "2018.05.18"]
[Round "4.114"]
[White "Bender, Zdenko"]
[Black "Klisanin, Dragan Mirko"]
[Result "1-0"]
[WhiteElo "2047"]
[BlackElo "1922"]
[PlyCount "103"]
[EventDate "2018.05.16"]
[EventType "team-swiss"]
[EventRounds "6"]
[EventCountry "CRO"]
[SourceTitle "CBM 184 Extra"]
[Source "ChessBase"]
[SourceDate "2018.06.28"]
[SourceVersion "1"]
[SourceVersionDate "2018.06.28"]
[SourceQuality "1"]
[WhiteTeam "Dubrovnik"]
[BlackTeam "Sibenik"]
[WhiteTeamCountry "CRO"]
[BlackTeamCountry "CRO"]

1. Nf3 Nf6 2. g3 d5 3. Bg2 c5 4. d4 cxd4 5. 0-0 Nc6 6. Nxd4 h6 7. Nxc6 bxc6 8. c4 e6 9. Qc2 Be7 10. Rd1 0-0 11. Nc3 Bb7 12. b3 Qc7 13. Na4 c5 14. cxd5 exd5 15. Bf4 Qa5 16. Bd2 Qb5 17. Rac1 Rac8 18. Bh3 Rc6 19. e4 c4 20. Nc3 cxb3 21. axb3 Qb6 22. exd5 Rc7 23. Be3 Qb4 24. Rd4 Qa3 25. Ra4 Qd6 26. Bf4 Qb6 27. Bxc7 Qxc7 28. Rxa7 Qb6 29. Raa1 Nxd5 30. Bg2 Nxc3 31. Qxc3 Bf6 32. Qa5 Qxa5 33. Rxa5 Bxg2 34. Kxg2 Rb8 35. Rb1 Bc3 36. Rc5 Bb4 37. Rc4 g5 38. Kf3 Kg7 39. Ke4 Kg6 40. Kd5 f5 41. Rc6+ Kh5 42. h3 Bf8 43. b4 Rxb4 44. Rxb4 Bxb4 45. Ke5 Be1 46. Kxf5 Bxf2 47. g4+ Kh4 48. Rxh6+ Kg3 49. Kxg5 Be3+ 50. Kg6 Bxh6 51. Kxh6 Kxh3 52. g5 1-0

[Event "CRO Cup"]
[Site "Mali Losinj"]
[Date "2016.05.04"]
[Round "1.114"]
[White "Matanovic, Pavo"]
[Black "Klisanin, Dragan Mirko"]
[Result "1/2-1/2"]
[WhiteElo "1737"]
[BlackElo "1963"]
[PlyCount "130"]
[EventDate "2016.05.04"]
[EventType "team-swiss"]
[EventRounds "6"]
[EventCountry "CRO"]
[SourceTitle "CBM 172 Extra"]
[Source "ChessBase"]
[SourceDate "2016.06.21"]
[SourceVersion "1"]
[SourceVersionDate "2016.06.21"]
[SourceQuality "1"]
[WhiteTeam "Slavonski Brod Djakovic"]
[BlackTeam "Sibenik"]
[WhiteTeamCountry "CRO"]
[BlackTeamCountry "CRO"]

1. e4 c5 2. Nf3 Nc6 3. Bb5 e6 4. 0-0 Nge7 5. c3 d5 6. exd5 Qxd5 7. Qe2 a6 8. Bc4 Qh5 9. d4 b5 10. Bd3 Nd5 11. Be3 c4 12. Be4 Bd6 13. Re1 0-0 14. a4 Bb7 15. Na3 Bxa3 16. Rxa3 Nf6 17. Bc2 Ne7 18. Ne5 Qxe2 19. Rxe2 Ned5 20. Bd2 Rfd8 21. Re1 Nd7 22. Nxd7 Rxd7 23. axb5 axb5 24. Rxa8+ Bxa8 25. Ra1 Rd8 26. Ra7 h6 27. f4 Nf6 28. h3 Be4 29. Bd1 b4 30. Ba4 bxc3 31. Bxc3 Ra8 32. Rxa8+ Bxa8 33. Bc2 Bd5 34. g4 Ne4 35. Bb4 g5 36. fxg5 hxg5 37. Kg2 c3 38. bxc3 Nxc3+ 39. Kf2 Ne4+ 40. Ke3 Kg7 41. Be7 f6 42. Bd3 Nc3 43. Bf1 Bc6 44. Bd8 Nd5+ 45. Kd3 Nf4+ 46. Kc4 Kf7 47. Kc5 Bf3 48. Kd6 Be2 49. Bxe2 Nxe2 50. d5 Nf4 51. dxe6+ Nxe6 52. Bb6 Nf4 53. Be3 Kg6 54. Kc5 Nxh3 55. Kd5 Nf4+ 56. Bxf4 gxf4 57. Ke4 Kg5 58. Kf3 f5 59. gxf5 Kxf5 60. Kf2 Kg4 61. Kg2 f3+ 62. Kf2 Kf4 63. Kf1 Ke3 64. Ke1 f2+ 65. Kf1 Kf3 1/2-1/2

[Event "CRO-chT3 South"]
[Site "Dubrovnik"]
[Date "2013.10.12"]
[Round "5.5"]
[White "Maruncic, Vicko"]
[Black "Klisanin, Dragan Mirko"]
[Result "0-1"]
[WhiteElo "2096"]
[BlackElo "1600"]
[PlyCount "120"]
[EventDate "2013.04.27"]
[EventType "team-tourn"]
[EventRounds "7"]
[EventCountry "CRO"]
[SourceTitle "EXT 2014"]
[Source "ChessBase"]
[SourceDate "2013.11.20"]
[SourceVersion "1"]
[SourceVersionDate "2013.11.20"]
[SourceQuality "1"]
[WhiteTeam "Dubrovnik II"]
[BlackTeam "Sibenik II"]
[WhiteTeamCountry "CRO"]
[BlackTeamCountry "CRO"]

1. Nf3 c5 2. c4 Nc6 3. g3 Nf6 4. Nc3 e6 5. d4 d5 6. cxd5 Nxd5 7. Bg2 Nxc3 8. bxc3 cxd4 9. cxd4 Bb4+ 10. Bd2 Qa5 11. Rb1 Bxd2+ 12. Qxd2 0-0 13. Qxa5 Nxa5 14. Ne5 f6 15. Nd3 Rb8 16. 0-0 b6 17. Rfc1 Bb7 18. Rc7 Bxg2 19. Kxg2 Rf7 20. Rbc1 Rxc7 21. Rxc7 Rb7 22. Rc8+ Kf7 23. f4 Ke7 24. Kf3 Kd7 25. Rh8 h6 26. Rg8 Kd6 27. h4 Nc6 28. e3 a5 29. a3 Kd5 30. g4 Kc4 31. Ke2 Kb3 32. Rc8 Ne7 33. Rc1 Kxa3 34. Kd2 Nd5 35. e4 Nb4 36. f5 exf5 37. gxf5 Nxd3 38. Kxd3 Kb2 39. Rc2+ Kb3 40. Rc3+ Kb2 41. d5 b5 42. Rc2+ Kb3 43. Rc3+ Ka4 44. Rc6 b4 45. d6 Kb3 46. Rc7 Rb6 47. d7 Rd6+ 48. Ke3 a4 49. e5 fxe5 50. Ke4 a3 51. Kxe5 Rd1 52. Ke6 a2 53. Ra7 Kb2 54. Ke7 a1Q 55. Rxa1 Kxa1 56. d8Q Rxd8 57. Kxd8 b3 58. Ke7 b2 59. f6 gxf6 60. Kxf6 b1Q 0-1